Собрание сочинений Бальзака ... Т. I: Горио | Рассказы (Запись № 5582256)

Подробности
000 -МАРКЕР
контрольное поле 01405nam2a22002891 4500
001 - ИДЕНТИФИКАТОР ЗАПИСИ
контрольное поле v19\rc\1599219
005 - ИДЕНТИФИКАТОР ВЕРСИИ
контрольное поле 20260406093322.0
035 ## - ДРУГИЕ СИСТЕМНЫЕ НОМЕРА
Идентификатор записи (NLR Aleph) 005228732
100 ## - ДАННЫЕ ОБЩЕЙ ОБРАБОТКИ
Данные общей обработки 20061002d1896 |||y0rusy50 ca
101 1# - ЯЗЫК РЕСУРСА
Язык текста, звукозаписи и т.д. русский
Язык оригинала французский
-- французский
102 ## - СТРАНА ПУБЛИКАЦИИ ИЛИ ПРОИЗВОДСТВА
Страна публикации Российская Федерация
105 ## - ПОЛЕ КОДИРОВАННЫХ ДАННЫХ: ТЕКСТОВЫЕ МАТЕРИАЛЫ, МОНОГРАФИЧЕСКИЕ
Кодированные данные о монографическом текстовом документе y z |||a|
200 1# - ЗАГЛАВИЕ И СВЕДЕНИЯ ОБ ОТВЕТСТВЕННОСТИ
Основное заглавие Горио
Сведения, относящиеся к заглавию Роман
Первые сведения об ответственности Пер. Н.И. Ясинского
Основное заглавие Рассказы
Первые сведения об ответственности Пер. Д.В. Аверкиева
210 ## - ПУБЛИКАЦИЯ, РАСПРОСТРАНЕНИЕ И ДР.
Дата издания, распространения и т.д. 1896
Место издания, распространения и т.д. Б. м.
215 ## - ФИЗИЧЕСКАЯ ХАРАКТЕРИСТИКА
Специфическое обозначение материала и объем 311 с.
461 #0 - УРОВЕНЬ НАБОРА
Встроенное поле 001v19\rc\1599218
-- 2001#$aСобрание сочинений Бальзака ...$f[Ред. Ф.И. Булгаков]. Т. II-XX$vТ. I
Системный номер (АБИС) связанной записи 4780964
Автор Бальзак, О. де (1799-1850)
Место публикации Санкт-Петербург
Дата публикации 1896-1899
Первые сведения об ответственности [Ред. Ф.И. Булгаков]. Т. II-XX
Имя издателя, распространителя и т.д. Г.Ф. Пантелеев
Физическая характеристика 19 т.
Заглавие Собрание сочинений Бальзака ...
Номер тома Т. I
702 #1 - ИМЯ ЛИЦА - ВТОРИЧНАЯ ОТВЕТСТВЕННОСТЬ
Код отношения Переводчик
Материалы, к которым относится поле rus
Графика поля Кириллица
Начальный элемент ввода Ясинский
Часть имени, кроме начального элемента ввода И. И.
Даты 1850-1931
Расширение инициалов личного имени Иероним Иеронимович
Идентификатор авторитетной/нормативной записи RU\NLR\AUTH\7717199
Системный номер авторитетной/нормативной записи 289
702 #1 - ИМЯ ЛИЦА - ВТОРИЧНАЯ ОТВЕТСТВЕННОСТЬ
Код отношения Переводчик
Материалы, к которым относится поле rus
Графика поля Кириллица
Начальный элемент ввода Аверкиев
Часть имени, кроме начального элемента ввода Д. В.
Даты 1836-1905
Расширение инициалов личного имени Дмитрий Васильевич
Идентификатор авторитетной/нормативной записи RU\NLR\AUTH\7765715
Системный номер авторитетной/нормативной записи 48644
801 #2 - ИСТОЧНИК ЗАПИСИ
Страна Российская Федерация
Организация NLR
Дата составления 20081217
Источник данных rusmarc
801 #0 - ИСТОЧНИК ЗАПИСИ
Страна Российская Федерация
Организация NLR
Дата составления 20061002
Правила каталогизации psbo
801 #0 - ИСТОЧНИК ЗАПИСИ
Страна Российская Федерация
Организация RuMoRGB
Дата составления 20061002
Источник данных psbo
801 #1 - ИСТОЧНИК ЗАПИСИ
Страна Российская Федерация
Организация ProSoft-M
Дата составления 20061002
Источник данных rusmarc
852 ## - МЕСТОНАХОЖДЕНИЕ И ШИФР ХРАНЕНИЯ
Идентификатор организации NLR
Шифр хранения (Call Number) 18.243.6.11(1-20)
852 ## - МЕСТОНАХОЖДЕНИЕ И ШИФР ХРАНЕНИЯ
Идентификатор организации NLR
Шифр хранения (Call Number) 130/7458
942 ## - ДОПОЛНИТЕЛЬНЫЕ ЭЛЕМЕНТЫ ЗАПИСИ (АБИС)
Тип экземпляра АБИС Книга
980 ## - КОЛЛЕКЦИЯ
Название коллекции Национальная библиография
Экземпляры
Тип экземпляра Дата поступления Библиотека постоянного хранения Библиотека текущего хранения Место хранения Шифр хранения Штрих-код Статус экземпляра
Книга 26.10.2013 РНБ (Садовая) РНБ (Садовая) Русский книжный фонд -Главное здание, Ленинский читальный зал 130/7458 5228732-10  
Книга 26.10.2013 РНБ (Садовая) РНБ (Садовая) Русский книжный фонд -Главное здание, Ленинский читальный зал 18.243.6.11(1-20) 5228732-20